Plenitud de américa : ensayos escogidos /
Guardado en:
| Autor Principal: | |
|---|---|
| Otros Autores: | |
| Formato: | Libro |
| Publicado: |
Buenos Aires :
Peña,
1952
|
| Materias: | |
| Etiquetas: |
Agregar Etiqueta
Sin Etiquetas, Sea el primero en etiquetar este registro!
|
| LEADER | 00669nam a22002055a 4500 | ||
|---|---|---|---|
| 001 | CEM.cems003206 | ||
| 005 | 20100920120411.0 | ||
| 008 | 130507s1952##################000#0#####d | ||
| 003 | CEMS | ||
| 082 | 0 | 4 | |a Do864.6 |
| 100 | 1 | |a Henríquez Ureña, Pedro | |
| 245 | 1 | 0 | |a Plenitud de américa : |b ensayos escogidos / |c Pedro Henríquez Ureña ; selección y Nota Preliminar de Javier Fernández |
| 260 | |a Buenos Aires : |b Peña, |c 1952 | ||
| 300 | |a 166 p. | ||
| 653 | |a Literatura | ||
| 653 | |a Literatura hispanoamericana | ||
| 653 | |a Ensayos | ||
| 653 | |a Ensayo dominicano | ||
| 700 | 1 | |a Fernández, Javier, sel. | |
| 859 | |a CEMS |b BIB. CEMS - 11 de abril |h Do864.6 |i H435 |p 10089.81 |t Ej.1 | ||
